| 000 | 00512nam a22001697a 4500 | ||
|---|---|---|---|
| 005 | 20251108165023.0 | ||
| 008 | 250721s1991 xx 000 0 ara d | ||
| 082 | 1 | 4 | _a659.1/مات |
| 100 | 1 | _aماتلار، أرمان | |
| 245 | 1 | 0 | _aإمبراطورية الإعلان / |
| 264 | 1 |
_aالقاهرة : _bدار المستقبل العربي، _c1991. |
|
| 300 | _a156ص | ||
| 650 | 1 | 7 | _aالإعلان التجاري |
| 700 | 1 |
_aأبو النصر، عزه _eترجمة |
|
| 942 |
_2ddc _cBK |
||
| 999 |
_c20077 _d20077 |
||